Responses for Show #6657 - Tuesday, July 23, 2013

Contestants

[<< previous game]

Sarah Orzalli, a project coordinator from Chicago, Illinois

David Brown, a fundraising intern from Palo Alto, California

Patrick Geary, a preloader from Sheridan, Wyoming (whose 1-day cash winnings total $23,800)

[next game >>]

Jeopardy! Round responses

THE AMERICAS
(Alex: Next, we're dealing with the Biblical Jacob...)
A SON OF JACOB
REALITY CHECKS
A USEFUL CATEGORY
THANKS A LATTE
NO BIG "E"
    $200 1
British Columbia

David
    $200 2
Joseph

David
    $200 30
Survivor

David
    $200 28
a flashlight

David
    $200 13
espresso

Sarah
    $200 7
Earth

David
    $400 10
Oklahoma

David
    $400 3
Benjamin

David
    $400 16
Project Runway

David
    $400 24
aerosol

David
    $400 14
decaffeinated coffee

Triple Stumper
    $400 8
Earnest

David
    $600 20
Mexico

Sarah
    $600 4
Reuben

David
    $600 17
The Gong Show

Triple Stumper
    $600 15
a crescent wrench

Triple Stumper
    $600 25
Silk

David
    $600 9
Eve

Patrick
    $800 21
(Patrick: What is Belize?)

El Salvador

Patrick
Triple Stumper
    $800 5
Dan

Patrick
    $800 18
Wipeout

Triple Stumper
    $800 22
the stopwatch

Patrick
    $800 26
chai

David
    $800 11
Elk

David
    $1000 23
Havasu Falls

Triple Stumper
    $1000 6
Judah

David
    $1000 19
America's Got Talent

Triple Stumper
    $1,000 29
a smoke detector

David
    $1000 27
caramel

Triple Stumper
    $1000 12
Equatorial

Sarah

Scores at the first commercial break (after clue 15):

Patrick David Sarah
$1,400 $4,200 $1,200

Scores at the end of the Jeopardy! Round:

Patrick David Sarah
$1,400 $7,800 $1,800

Double Jeopardy! Round responses

(Alex: We are going to get some help in the first category of the Double Jeopardy! Round from CNN correspondents, and the category is...)
CNN HISTORIC REVOLUTIONS
THE CALENDAR
BARD "M"EN
(Alex: Each correct response beginning with the letter M.)
NAME THE SONG
ARCHAEOLOGY
WITHIN LIMITATIONS
(Alex: Each correct response will be a word that is made up of some of the letters in the word "limitations".)
    $400 1
1789

Sarah
    $400 23
a leap day (leap year accepted)

David
    $400 12
Macduff

David
    $400 8
"Yellow Submarine"

David
    $400 6
(David: What is National Geographic?)

the Smithsonian

PatrickDavid
    $400 18
talon

David
    $800 2
the Boxer Rebellion

Patrick
    $800 24
(David: What is the first rain?)

the spring equinox

PatrickDavid
    $800 13
The Merchant of Venice

David
    $800 9
"Billie Jean"

Sarah
    $800 7
China

David
    $800 19
moist

David
    $2,200 3
a constitutional monarchy

Patrick
    $1200 14
Mercutio

David
    $1200 10
"Thrift Shop"

David
    $1200 25
the catacombs

Patrick
    $1200 20
toil

David
    $1600 4
(David: What is a shah?)

a sultan

PatrickDavid
    $2,000 15
Malvolio

David
    $1600 11
(Alex: That was Zeppelin [*].)

"Black Dog"

Triple Stumper
    $1600 26
(Patrick: What is a cenotaph?)

a stela

Patrick
Triple Stumper
    $1600 21
militia

David
    $2000 5
the Shoguns

Patrick
    $2000 16
Menelaus

David
    $2000 17
(Alex: By OutKast.)

"Hey Ya!"

David
    $2000 27
[The end-of-round signal sounds.]

Lord Carnarvon

Triple Stumper
    $2000 22
(Patrick: What is a Confucian?)

taoist

PatrickDavid

Scores at the end of the Double Jeopardy! Round:

Patrick David Sarah
$6,800 $22,200 $3,000
(lock game)

[wagering suggestions for these scores]

Final Jeopardy! Round responses

OSCAR-WINNING ACTORS
(Alex: [Laughing at David's response] I love your sense of humor, but if you had picked a different last name, for instance, Hoffman, you'd have come up with [*].)
SarahWho are the Fondas
$2,900
PatrickWho is Fonda?
$6,799
DavidWho were Jerry & Daniel Day Lewis?
$0
Dustin Hoffman & Philip Seymour Hoffman

Final scores:

Patrick David Sarah
$1 $22,200 $100
3rd place: $1,000 New champion: $22,200 2nd place: $2,000

Game dynamics:

Coryat scores:

Patrick David Sarah
$5,800 $21,800 $3,000
10 R
(including 1 DD),
3 W
31 R
(including 2 DDs),
3 W
5 R,
0 W

Combined Coryat: $30,600

[game clues] [game scores] [suggest correction]

Game tape date: 2013-04-16
The J! Archive is created by fans, for fans. Scraping, republication, monetization, and malicious use prohibited; this site may use cookies and collect identifying information. See terms. The Jeopardy! game show and all elements thereof, including but not limited to copyright and trademark thereto, are the property of Jeopardy Productions, Inc. and are protected under law. This website is not affiliated with, sponsored by, or operated by Jeopardy Productions, Inc. Join the discussion at JBoard.tv.